Game of the year(GOTY) - Statistics

General Stats
  • This quiz has been taken 272 times
    65 since last reset
  • The average score is 7 of 12
Answer Stats
Hint Answer % Correct
2024 Astro Bot
88%
2018 God of War
85%
2022 Elden Ring
79%
2025 Clair Obscur: Expedition 33
77%
2016 Overwatch
73%
2023 Baldur's Gate III
71%
2021 It Takes Two
58%
2019 Sekiro: Shadows Die Twice
50%
2015 The Witcher 3: Wild Hunt
46%
2017 The Legend of Zelda: Breath of the Wild
40%
2020 The Last of Us Part II
33%
2014 Dragon Age: Inquisition
31%
No matching quizzes found
Score Distribution
Percent of People with Each Score
Percentile by Number Answered
Your Score History
You have not taken this quiz since the last reset